MDQL
is popping MORE tags! Check the
thread
!
Quizzes
Events
Quiz Creation
Community
Videos
Private Events
Remove Ads
Sign In
Join for FREE
Feedback
Dark Mode
Quiz Categories
Sports
Geography
Music
Movies
Television
Just For Fun
Miscellaneous
History
Literature
Language
Science
Gaming
Entertainment
Religion
Holiday
For Kids
Quiz Lab
Recent
Popular Today
Quiz Kudos Today
Editor Picks
Curator Picks
Quizzes by...
Day
Popularity
Type
Ratings
Length
Year
Community
Subscriptions
Recent Discussions
Orange Saloon
Badges
Playlists
Quests
Create
Leaderboards
Showdown
Live 5
Trivia Bingo
Activity
Puzzle Library
Sporcle Events
Private Events
Virtual Trivia
Globe League
Become a Host
Pub Owners
SporcleCon
Opinionation
Our Games
Videos
Blog
Mobile Apps
Partnerships
Remove Ads and Go Orange
Feedback
Gaming
Video Games
Board Games
Card Games
Pokémon
Mario
Nintendo
Minecraft
Console
Toys
Legend of Zelda
Gaming
Video Games
Board Games
Card Games
Pokémon
Mario
Nintendo
Minecraft
Console
Toys
Legend of Zelda
Random Quiz
Search Sporcle
×
Quiz Lab
Quiz Lab
Gaming
fire
Type in answers that appear in a list
Type in answers that appear in a list
Classic
Best Score? Go Orange.
Fire Emblem 9 Path of Radiance Characters Stats
Can you name the Fire Emblem Path of Radiance Characters?
By
maddynamite
10m
46 Questions
877 Plays
877 Plays
877 Plays
Comments
Comments
Give Quiz Kudos
Give Quiz Kudos
-
- Ratings
hide this ad
Replay
Link that replays current quiz
Next Quiz
Link to next quiz in quiz playlist
You Got
0%
They Got
Avg Score
86%
Avg Friend Score
Upgrade to see
Score Distribution
Jump to the score distribution portion of the page
Score
0/46
Timer
10:00
0
Plays Today
Class
Name
% Correct
Lord
Ike
100%
Cleric
Mist
97.9%
Mage
Soren
97.1%
Lance knight
Oscar
97%
Fighter
Boyd
96.9%
Paladin
Titania
96.7%
Princess
Elincia
96.6%
Archer
Rolf
96.1%
Sniper
Shinon
95.8%
Priest
Rhys
94.8%
Knight
Gatrie
93.8%
Wyvern rider
Jill
93.2%
Cat
Lethe
92%
Thief
Sothe
91.9%
Myrmidon
Mia
91.7%
Soldier
Nephenee
90.4%
Bow knight
Astrid
90.4%
Tiger
Mordecai
89.3%
Thief
Volke
88.9%
Pegasus knight
Marcia
88.1%
Hawk
Tibarn
87.5%
Wyvern Lord
Haar
87.3%
Myrmidon
Zihark
86.2%
Class
Name
% Correct
Axe knight
Kieran
85.7%
Mage
Ilyana
85.6%
Knight
Brom
85.5%
Heron
Reyson
85.3%
Cat
Ranulf
84.6%
Mage
Tormod
83.1%
Red dragon
Ena
83.1%
Halberdier
Devdan
82.7%
Raven
Naesala
82.4%
Hawk
Ulki
81.9%
White Dragon
Nasir
81.4%
Falcon knight
Tanith
80.7%
Sword knight
Makalov
80.3%
Hawk
Janaff
80.3%
Swordmaster
Stefan
79.9%
Paladin
Geoffrey
79.6%
Swordmaster
Lucia
78.9%
Sage
Calill
77.9%
Berserker
Largo
74.3%
Sage
Bastian
73.4%
Tiger
Muarim
73.2%
General
Tauroneo
73.1%
Lion
Giffca
71%
Quiz Playlist
Details
Report
Send in Message
Add To Playlist
Classic:
Type in answers that appear in a list
Quiz Source
Last Updated: Feb 16, 2017
Quiz Scoreboard
CHALLENGE
Sign Up to Join the Scoreboard
Show All
Scores
Hide
Comments
May contain spoilers
Recently Published
5x2 Blitz: Bands
by SL_Kpop136
Music
30s
Colored Red Africa Blitz
by spor1
Geography
30s
Find the 'City' Movie
by crazypaving
Movies
60s
More to Explore
Quiz From the Vault
Featured Blog Post
14 Easter Pick-up Lines to Find Eggs With
hide this ad
You Might Also Like...
Tags
Character
class
emblem
fire
Fire Emblem
path
Radiance
Today's Top Quizzes in Gaming
Browse Gaming
hide this ad
Today's Top Quizzes in fire
Browse fire
Top Contributed Quizzes in Gaming
1
League of Legends Pro Players by Career/Team History
2
Genshin murder mystery
3
Destiny 2 exotic weapons by perk icons
4
Dead By Daylight Logic Puzzle
5
Genshin Impact Logic Puzzle
6
Valorant Agent Developer Names (Up to Clove)
7
Overwatch 2: Ultimate Ability Icons
8
Who's on the WWE 2K24 Cover?
9
Genshin Impact Logic Puzzle Quiz II
10
4x4 Decades: Video Games
Explore More
Trending Topics
Marvel
Kpop
Anime
Harry Potter
Disney
NBA
Crossword
NFL
Pokémon
Puzzle
Country
The Office
Soccer
WWE
Song
hide this ad
More By:
maddynamite
Quiz
Plays
Rating
Category
Featured
Created
Fire Emblem 8 Sacred Stones Characters
3,460
4.71
Gaming
Sep 29, 2009
Fire Emblem 6 Sealed Sword Characters
973
3.75
Gaming
Nov 3, 2009
Fire Emblem 9 Path of Radiance Characters
877
3.00
Gaming
Nov 2, 2009
Fire Emblem Nations: Elibe (6&7)
594
5.00
Gaming
Mar 14, 2010
Fire Emblem 7 Characters
536
4.60
Gaming
Sep 29, 2009
Go to Creator's Profile
Score Distribution
Quiz Creator Spotlight
maddynamite
Follow
Send a Message
Quizzes Created
-
Created Quiz Play Count
-
More By This Creator
Popular Quizzes Today
1
Colored Red Africa Blitz
2
Find the US States - No Outlines Minefield
3
Find the 'City' Movie
4
5x2 Blitz: Bands
5
The Countries of the World
6
Find the US States
7
US States
8
Find the Countries of Europe - No Outlines Minefield
More Gaming Quizzes
US Monopoly (Redux)
Published
Trending Quizzes
Colored Red Europe Blitz I
Colored Red Europe Blitz II
Colored Red Africa Blitz II
Colored Red Europe Blitz III
Colored Red Africa Blitz III
Recently Updated
How Do You Spell That?
pecheneg
Godzilla Movies
pecheneg
Grab Bag: 4-10 Letters
pecheneg
2024 March Madness Bracket
pecheneg
Famous TV Couples
Peacemaker
Champions League XIs: Real Madrid
pecheneg
Largest US Cities 1790-2010
pecheneg
Rides in Walt Disney World
pecheneg
Most Oscar Losses (Acting)
pecheneg
Beyoncé Albums
pecheneg
Trending Topics
Anime
Harry Potter
Marvel
NBA
Kpop
Crossword
Disney
Soccer
NFL
Song
The Office
Country
Pokémon
WWE
Puzzle
Your Account Isn't Verified!
In order to create a playlist on Sporcle, you need to verify the email address you used during registration. Go to your
Sporcle Settings
to finish the process.
Report this User
Report this user for behavior that violates our
Community Guidelines
.
Details:
Send Report
Go to the Sporcle.com Mobile Site →
Comments